L'entreprise et la concurrence internationale
Сохранить в:
| Главный автор: | |
|---|---|
| Формат: | |
| Язык: | Undetermined |
| Опубликовано: |
Paris
Dunod Economie
1969
|
| Предметы: | |
| Метки: |
Добавить метку
Нет меток, Требуется 1-ая метка записи!
|
| Thư viện lưu trữ: | Trung tâm Học liệu Trường Đại học Cần Thơ |
|---|
| LEADER | 00522nam a2200181Ia 4500 | ||
|---|---|---|---|
| 001 | CTU_99240 | ||
| 008 | 210402s9999 xx 000 0 und d | ||
| 082 | |a 338.9 | ||
| 082 | |b D938 | ||
| 100 | |a Dupont, C. | ||
| 245 | 0 | |a L'entreprise et la concurrence internationale | |
| 245 | 0 | |c C. Dupont | |
| 260 | |a Paris | ||
| 260 | |b Dunod Economie | ||
| 260 | |c 1969 | ||
| 650 | |a Competition, international,International economic relations | ||
| 904 | |i Truc, Q. Hieu | ||
| 980 | |a Trung tâm Học liệu Trường Đại học Cần Thơ | ||